| 000 | 00835cam a2200241 4500 | ||
|---|---|---|---|
| 008 | 020213n2002 000 0 eng u | ||
| 035 | _a(Sirsi) u116715 | ||
| 100 | _aTinworth, A. | ||
| 245 | _aRaising their game | ||
| 260 | _c2002 | ||
| 490 |
_aEstates Gazette _v(0203) 19 January 2002, 108-109(2) |
||
| 520 | _aConsiders how occupiers are demanding more detailed advice about a location, before and after they acquire a new building. Looks at how DTZ is revamping its structure in order to satisfy future clients demands for overall strategic advice. | ||
| 590 | _aABS | ||
| 650 | _aOCCUPIERS | ||
| 650 | _aOFFICE OCCUPIERS | ||
| 650 | _aDTZ | ||
| 650 | _aMARKET ANALYSIS | ||
| 650 | _aPROPERTY SERVICES | ||
| 650 | _aOUTSOURCING | ||
| 650 | _aRESTRUCTURING | ||
| 690 | _aPROPERTY-COMMERCIAL PROPERTY | ||
| 942 | _n0 | ||
| 999 |
_c69519 _d69519 |
||